LIBRARY & INFORMATION CENTRE, KCAET, TAVANUR

ONLINE PUBLIC ACCESS CATALOGUE (OPAC)

Design of earthdams / (Record no. 9426)

MARC details
000 -LEADER
fixed length control field 00499cam a2200205ua 4500
020 ## - INTERNATIONAL STANDARD BOOK NUMBER
ISBN 90 6191 1737
041 ## - LANGUAGE CODE
Language code of text/sound track or separate title eng
082 ## - DEWEY DECIMAL CLASSIFICATION NUMBER
Classification number 627.83
Item number GOL/DE
100 ## - MAIN ENTRY--AUTHOR NAME
Personal name Goldin, AL .
245 ## - TITLE STATEMENT
Title Design of earthdams /
260 ## - PUBLICATION, DISTRIBUTION, ETC. (IMPRINT)
Place of publication USA :
Name of publisher A A Balkema ,
Year of publication 1987.
300 ## - PHYSICAL DESCRIPTION
Number of Pages 328 ; .
500 ## - GENERAL NOTE
General note * CSS
700 1# - ADDED ENTRY--PERSONAL NAME
Personal name Rasskazov, L N .
700 1# - ADDED ENTRY--PERSONAL NAME
Personal name Zeidler, .
942 ## - ADDED ENTRY ELEMENTS (KOHA)
Koha item type Books
Holdings
Withdrawn status Lost status Damaged status Home library Current library Shelving location Date acquired Full call number Accession Number Koha item type
      KAUAET KAUAET Scheme 12/09/2018 627.83 GOL/DE 18364 Book Bank scheme for SC students
free website counter